Renewal of business tenancies (Record no. 107845)

MARC details
000 -LEADER
fixed length control field 01032cam a22002655a 4500
001 - CONTROL NUMBER
control field L142112
008 - FIXED-LENGTH DATA ELEMENTS--GENERAL INFORMATION
fixed length control field 080124s2007 xxk f 000 0 eng u
020 ## - INTERNATIONAL STANDARD BOOK NUMBER
International Standard Book Number 9780421932500
035 ## - SYSTEM CONTROL NUMBER
System control number (Sirsi) u142112
041 0# - LANGUAGE CODE
Language code of text/sound track or separate title eng
050 04 - LIBRARY OF CONGRESS CALL NUMBER
Classification number 346.4104343 $2 18
100 1# - MAIN ENTRY--PERSONAL NAME
Personal name Reynolds, Kirk
245 00 - TITLE STATEMENT
Title Renewal of business tenancies
250 ## - EDITION STATEMENT
Edition statement 3rd ed.
260 ## - PUBLICATION, DISTRIBUTION, ETC.
Place of publication, distribution, etc. London
Name of publisher, distributor, etc. Sweet & Maxwell
Date of publication, distribution, etc. 2007
300 ## - PHYSICAL DESCRIPTION
Extent lxv, 882p.
Dimensions 24cm.
350 ## - PRICE (NR) (BK AM CF MU VM SE) [OBSOLETE]
Price 195
520 ## - SUMMARY, ETC.
Summary, etc. Provides the practitioner with a detailed guide to the law and procedure of renewing business tenancies under the Landlord and Tenant Act 1954, as amended by the Regulatory Reform (Business Tenancies) (England and Wales) Order 2003. Includes tables of cases, statutes and statutory instruments.
650 ## - SUBJECT ADDED ENTRY--TOPICAL TERM
Topical term or geographic name entry element LANDLORD AND TENANT ACT 1954
650 ## - SUBJECT ADDED ENTRY--TOPICAL TERM
Topical term or geographic name entry element REGULATORY REFORM (BUSINESS TENANCIES) (ENGLAND AND WALES) ORDER 2003
651 #4 - SUBJECT ADDED ENTRY--GEOGRAPHIC NAME
Geographic name England and Wales
Chronological subdivision 1543-
690 ## - LOCAL SUBJECT ADDED ENTRY--TOPICAL TERM (OCLC, RLIN)
Topical term or geographic name as entry element LANDLORD AND TENANT-BUSINESS TENANCIES
700 1# - ADDED ENTRY--PERSONAL NAME
Personal name Clark, Wayne
942 ## - ADDED ENTRY ELEMENTS (KOHA)
Suppress in OPAC 0
Holdings
Withdrawn status Lost status Source of classification or shelving scheme Damaged status Not for loan Home library Current library Shelving location Date acquired Total Checkouts Full call number Barcode Date last seen Date last checked out Copy number Price effective from Koha item type
    Dewey Decimal Classification     London London Books 24/01/2008 10 346.4104343 REY 30072539 06/08/2019 03/12/2009 1 06/08/2019 Book